000 00694nam a2200205 i 4500
001 142465
003 ES-MaACL
005 20230906200529.0
007 t|
008 071005s1969 sp ||||1| spa d
080 _a260.2
100 1 _aViladrich, Pedro Juan.
_9114759
245 1 0 _aTeoría de los derechos fundamentales del fiel
_b: presupuestos críticos /
_cPedro Juan Viladrich ; prólogo de Pedro Lombardía.
260 _aPamplona :
_bUniversidad de Navarra,
_c1969.
300 _aXXVII, 404 p. ;
_c22 cm.
650 1 4 _aLaicos (Derecho canónico)
_914050
700 1 _aLombardía, Pedro.
_973191
710 2 _aUniversidad de Navarra.
_97252
852 _aES-MaACL
_jC-47813
_bR.71558
999 _c142465
_d142465